000 00284nam a2200109 a 4500
001 4140
005 20140414131941.0
008 090218s19uu xx 00 eng d
050 _aTR 170
_bL23 2005
245 _aThe Land of toys :
_ba book about looking after our toys.
999 _c112592
_d112592